000 00427cam a2200169u 4500
001 unk81056993
003 DLC
005 20260227112759.0
008 820315s1884 xx 000 0 eng
010 _aunk81056993
040 _aDLC
_cCarP
_dDLC
050 0 0 _aBV4810
_b.T5 1884
100 1 _aTileston, Mary Wilder,
_d1843-1934.
245 1 0 _aDaily strength for daily needs.
260 _a[n. p.]
_c1884.
300 _a1 v.
_ccm.
999 _c91346
_d91346